[Event "Joacaba op 2nd"]
[Site "Joacaba"]
[Date "2023.07.01"]
[Round "3"]
[White "Britez, G Jorge A"]
[Black "Quevedo Naissinger, Willian"]
[Result "1-0"]
[WhiteElo "1730"]
[BlackElo "2056"]
[PlyCount "115"]
[EventDate "2023.06.30"]
[EventType "swiss"]
[EventRounds "6"]
[EventCountry "BRA"]
[SourceTitle "CBM 215 Extra"]
[Source "ChessBase"]
[SourceDate "2023.09.30"]
[SourceVersion "1"]
[SourceVersionDate "2023.09.30"]
[SourceQuality "1"]

1. e4 c5 2. Nf3 a6 3. d4 cxd4 4. Nxd4 Nf6 5. Nc3 e5 6. Nf3 Bb4 7. Bd3 Qc7 8. 0-0 d6 9. Bd2 0-0 10. h3 Be6 11. a3 Bc5 12. Qe2 Nbd7 13. Be3 b5 14. Nd2 Qb6 15. Rad1 Qb7 16. Kh1 Bxe3 17. Qxe3 b4 18. axb4 Qxb4 19. Rb1 d5 20. exd5 Nxd5 21. Nxd5 Bxd5 22. Rfd1 f5 23. b3 f4 24. Bxh7+ Kh8 25. Qd3 Nf6 26. Bg6 e4 27. Qe2 Qe7 28. Nxe4 f3 29. gxf3 Qe6 30. Kh2 Qe5+ 31. Ng3 Qg5 32. Be4 Rae8 33. Qd2 Nxe4 34. fxe4 Qxd2 35. Rxd2 Bxe4 36. Nxe4 Rxe4 37. Rg1 Rf6 38. Rg3 a5 39. Rg4 Re5 40. Kg3 Re7 41. Rg5 Ra6 42. Rd4 Rc7 43. c4 Rb7 44. Rb5 Rba7 45. c5 Rg6+ 46. Rg4 Rc6 47. Rd4 Rg6+ 48. Kf3 Rf7+ 49. Rf4 Ra7 50. Rb8+ Kh7 51. Rh4+ Rh6 52. Rxh6+ Kxh6 53. Ke4 a4 54. bxa4 Rxa4+ 55. Kd5 Ra2 56. c6 Rxf2 57. c7 Rd2+ 58. Ke4 1-0

[Event "Florianopolis op 09"]
[Site "Florianopolis"]
[Date "2021.09.26"]
[Round "5"]
[White "Quevedo Naissinger, Willian"]
[Black "Cezar, Ricardo de Almeida"]
[Result "1-0"]
[WhiteElo "2060"]
[BlackElo "1738"]
[PlyCount "53"]
[EventDate "2021.09.24"]
[EventType "swiss"]
[EventRounds "6"]
[EventCountry "BRA"]
[SourceTitle "EXT 2024"]
[Source "ChessBase"]
[SourceDate "2023.10.10"]
[SourceVersion "1"]
[SourceVersionDate "2023.10.10"]
[SourceQuality "1"]

1. e4 c5 2. Nf3 e6 3. d4 cxd4 4. Nxd4 a6 5. c4 Qc7 6. Nc3 Nf6 7. Be2 Be7 8. 0-0 0-0 9. Be3 d6 10. Rc1 Nbd7 11. f4 b6 12. Bf3 Bb7 13. b4 Rfe8 14. Qd3 Rac8 15. Nce2 Qb8 16. g4 Qa8 17. Ng3 d5 18. cxd5 exd5 19. e5 Ne4 20. Ndf5 Bxb4 21. Bxe4 Rxc1 22. Rxc1 Nc5 23. Qd4 dxe4 24. e6 f6 25. Qxb4 Nd3 26. Qd6 g6 27. Qd7 1-0

[Event "Florianopolis op 09"]
[Site "Florianopolis"]
[Date "2021.09.25"]
[Round "3"]
[White "Quevedo Naissinger, Willian"]
[Black "Panazzolo, Paulo Victor"]
[Result "1/2-1/2"]
[WhiteElo "2060"]
[BlackElo "1776"]
[PlyCount "80"]
[EventDate "2021.09.24"]
[EventType "swiss"]
[EventRounds "6"]
[EventCountry "BRA"]
[SourceTitle "EXT 2024"]
[Source "ChessBase"]
[SourceDate "2023.10.10"]
[SourceVersion "1"]
[SourceVersionDate "2023.10.10"]
[SourceQuality "1"]

1. e4 e5 2. Nf3 Nc6 3. d4 exd4 4. Nxd4 Bc5 5. Nxc6 Qf6 6. Qf3 dxc6 7. Nc3 Be6 8. Be3 Qxf3 9. gxf3 Bxe3 10. fxe3 Nf6 11. 0-0-0 Ke7 12. Rg1 g6 13. Be2 Rad8 14. h4 Rd6 15. Bd3 Rdd8 16. Ne2 Nd7 17. Nf4 Nc5 18. Be2 Rxd1+ 19. Bxd1 Bc8 20. h5 Ne6 21. Nd3 Ng7 22. f4 Nxh5 23. Bxh5 gxh5 24. f5 Kf6 25. Rh1 Kg5 26. Nf4 h4 27. Rg1+ Kf6 28. Rg4 b6 29. Rxh4 Ba6 30. Kd2 Ke5 31. Ke1 Rg8 32. Kf2 Kxe4 33. f6 Kf5 34. Rxh7 Kxf6 35. Rh6+ Ke7 36. Rxc6 Kd7 37. Rc3 Bb7 38. Rd3+ Ke7 39. Nd5+ Bxd5 40. Rxd5 Rh8 1/2-1/2

[Event "Florianopolis op 09"]
[Site "Florianopolis"]
[Date "2021.09.25"]
[Round "2"]
[White "Rodrigues, Natanael Isau Braz"]
[Black "Quevedo Naissinger, Willian"]
[Result "1/2-1/2"]
[WhiteElo "1756"]
[BlackElo "2060"]
[PlyCount "146"]
[EventDate "2021.09.24"]
[EventType "swiss"]
[EventRounds "6"]
[EventCountry "BRA"]
[SourceTitle "EXT 2023"]
[Source "ChessBase"]
[SourceDate "2022.10.05"]
[SourceVersion "1"]
[SourceVersionDate "2022.10.05"]
[SourceQuality "1"]

1. d4 Nf6 2. Nf3 g6 3. e3 Bg7 4. Bd3 d5 5. 0-0 0-0 6. b3 c5 7. Bb2 Nc6 8. a3 Qb6 9. Nbd2 c4 10. Be2 Bd7 11. Rb1 cxb3 12. cxb3 Bf5 13. Rc1 Ne4 14. b4 Nxd2 15. Qxd2 Rac8 16. Rc5 Rfd8 17. Rfc1 a6 18. Bd1 Bf8 19. R5c3 a5 20. bxa5 Nxa5 21. Rxc8 Rxc8 22. Rxc8 Bxc8 23. Qb4 Qc7 24. Qc3 Nc4 25. Ne5 b5 26. a4 bxa4 27. Bxa4 Ba6 28. Ba3 Qb7 29. Bc2 Nxa3 30. Qxa3 e6 31. Qb3 Qc7 32. h3 Bd6 33. Nf3 Kg7 34. Nd2 Qa5 35. Nf3 Bc4 36. Qb1 Qa3 37. Nd2 Ba2 38. Qd1 Qb2 39. Nf3 Bc4 40. Qb1 Qc3 41. Qd1 f6 42. Qd2 Qa3 43. Qd1 Qc3 44. Qd2 Qa1+ 45. Qd1 Qxd1+ 46. Bxd1 e5 47. Nd2 Bd3 48. f3 exd4 49. exd4 Bf4 50. Nf1 Kf7 51. Kf2 Bxf1 52. Kxf1 Be3 53. Bb3 Ke6 54. Ke2 Bxd4 55. Kd3 Bg1 56. Ba2 Ke5 57. Bb1 Kf4 58. Ke2 Kg3 59. Kf1 Bc5 60. Bd3 Kf4 61. Ke2 f5 62. Bb5 g5 63. Bc6 d4 64. Bb5 Kg3 65. Kf1 h5 66. Bd3 g4 67. hxg4 fxg4 68. fxg4 hxg4 69. Bh7 Kh2 70. Bg6 Kg3 71. Bh7 Kf4 72. Ke2 Ke5 73. Kd3 Kf4 1/2-1/2

[Event "Sao Bento do Sul U2050 2nd"]
[Site "Sao Bento do Sul"]
[Date "2016.09.18"]
[Round "7.1"]
[White "Pereira, Geanfrancesco"]
[Black "Quevedo Naissinger, Willian"]
[Result "1/2-1/2"]
[WhiteElo "1944"]
[BlackElo "2028"]
[PlyCount "158"]
[EventDate "2016.09.16"]
[EventType "swiss"]
[EventRounds "7"]
[EventCountry "BRA"]
[SourceTitle "EXT 2022"]
[Source "ChessBase"]
[SourceDate "2021.10.06"]
[SourceVersion "1"]
[SourceVersionDate "2021.10.06"]
[SourceQuality "1"]

1. e4 c5 2. Nf3 a6 3. d3 Nc6 4. g3 d6 5. Bg2 g6 6. h4 h5 7. c3 Bg4 8. Nbd2 Nf6 9. 0-0 Ne5 10. Qc2 Nxf3+ 11. Nxf3 Bg7 12. e5 dxe5 13. Nxe5 Bc8 14. Qb3 e6 15. Bxb7 Bxb7 16. Qxb7 0-0 17. Bg5 Qc8 18. Qxc8 Rfxc8 19. Bxf6 Bxf6 20. Nc4 Rd8 21. Rfd1 Rab8 22. Kf1 Kf8 23. Ke2 Ke8 24. Kd2 Rd5 25. Kc2 Kd7 26. a3 Kc7 27. Ne3 Rd7 28. b4 Be7 29. Nc4 f6 30. Re1 e5 31. Rab1 Rbd8 32. Red1 Bf8 33. Ne3 Kc6 34. c4 Rb8 35. Nd5 Rdb7 36. Kc3 f5 37. Re1 Re8 38. a4 cxb4+ 39. Nxb4+ Bxb4+ 40. Rxb4 Rd7 41. a5 Rd6 42. Rb6+ Kc5 43. Rxd6 Kxd6 44. Rb1 e4 45. Rb6+ Kc7 46. dxe4 Rxe4 47. Rxa6 Rg4 48. Kb4 f4 49. gxf4 Rxh4 50. Rxg6 Rxf4 51. Rh6 Rxf2 52. Rxh5 Kb7 53. Rh7+ Kc6 54. Rh6+ Kb7 55. Rb6+ Ka7 56. Kb5 Rb2+ 57. Kc6 Rh2 58. c5 Rh6+ 59. Kb5 Rh1 60. Rd6 Rb1+ 61. Kc4 Ra1 62. a6 Kb8 63. Kb5 Kc7 64. Rc6+ Kb8 65. Rf6 Rb1+ 66. Kc6 Ka7 67. Kd7 Rc1 68. Kc6 Kxa6 69. Kc7+ Kb5 70. c6 Rh1 71. Rf5+ Ka6 72. Rf7 Rh8 73. Kd7 Kb6 74. Re7 Rg8 75. Rh7 Rf8 76. Rh6 Rf7+ 77. Kd6 Rf8 78. Rh7 Rf6+ 79. Kd5 Rxc6 1/2-1/2

[Event "Sao Bento do Sul U2050 2nd"]
[Site "Sao Bento do Sul"]
[Date "2016.09.18"]
[Round "6.2"]
[White "Quevedo Naissinger, Willian"]
[Black "Reichert, Thiago da Cruz"]
[Result "1-0"]
[WhiteElo "2028"]
[BlackElo "1980"]
[PlyCount "111"]
[EventDate "2016.09.16"]
[EventType "swiss"]
[EventRounds "7"]
[EventCountry "BRA"]
[SourceTitle "EXT 2022"]
[Source "ChessBase"]
[SourceDate "2021.10.06"]
[SourceVersion "1"]
[SourceVersionDate "2021.10.06"]
[SourceQuality "1"]

1. Nf3 d5 2. b3 c5 3. Bb2 Nc6 4. e3 f6 5. d4 e6 6. Be2 Bd6 7. 0-0 Nge7 8. c4 0-0 9. Nc3 cxd4 10. exd4 Bd7 11. Qd2 Rc8 12. Bd3 Be8 13. Rfe1 Qd7 14. Nb5 Bb8 15. Ba3 Bf7 16. Nc3 Rfe8 17. Qc2 Bg6 18. cxd5 exd5 19. Qd2 Bh5 20. Be2 Kh8 21. g3 Nf5 22. Ne5 fxe5 23. Bxh5 g6 24. Bf3 Ncxd4 25. Bg2 Bd6 26. Bb2 Bb4 27. Rac1 Nb5 28. Qd3 Bxc3 29. Bxc3 Nxc3 30. Rxc3 e4 31. Qd2 Rxc3 32. Qxc3+ d4 33. Qb2 e3 34. Bh3 exf2+ 35. Qxf2 d3 36. Rxe8+ Qxe8 37. Bxf5 gxf5 38. Qd4+ Kg8 39. Qxd3 Qf7 40. Qd8+ Kg7 41. Qd4+ Kg6 42. Qxa7 Qd5 43. Qb6+ Kh5 44. Qe3 Kg6 45. Kf2 Qh1 46. h4 Qh2+ 47. Kf3 Qxa2 48. Qg5+ Kf7 49. Qxf5+ Kg8 50. Qc8+ Kg7 51. Qxb7+ Kg8 52. Qd5+ Kg7 53. h5 Qb1 54. Kg4 h6 55. Qd7+ Kf6 56. Qd6+ 1-0

[Event "Sao Bento do Sul U2050 2nd"]
[Site "Sao Bento do Sul"]
[Date "2016.09.17"]
[Round "4.6"]
[White "Quevedo Naissinger, Willian"]
[Black "Volkmann, Andre Jordi"]
[Result "1-0"]
[WhiteElo "2028"]
[BlackElo "1792"]
[PlyCount "116"]
[EventDate "2016.09.16"]
[EventType "swiss"]
[EventRounds "7"]
[EventCountry "BRA"]
[SourceTitle "EXT 2022"]
[Source "ChessBase"]
[SourceDate "2021.10.06"]
[SourceVersion "1"]
[SourceVersionDate "2021.10.06"]
[SourceQuality "1"]

1. e4 d5 2. exd5 Qxd5 3. Nc3 Qa5 4. Bc4 Nf6 5. d3 c6 6. Bd2 Qc7 7. a4 Bf5 8. Nge2 e6 9. Ng3 Bg6 10. 0-0 Bd6 11. Qf3 Nbd7 12. Qe2 0-0 13. a5 Rad8 14. Bb3 h6 15. Be3 Bb4 16. Bxa7 Bxa5 17. Bd4 Bb6 18. Bxb6 Qxb6 19. Na4 Qc7 20. Qe3 Rfe8 21. Nc3 Nd5 22. Qd4 N7f6 23. Nxd5 exd5 24. h3 Nh5 25. Nxh5 Bxh5 26. Rfe1 Re7 27. Qh4 Rxe1+ 28. Rxe1 Bg6 29. Re7 Rd7 30. Re8+ Kh7 31. d4 f6 32. Re6 Re7 33. Qg4 Qd7 34. Rxe7 Qxe7 35. Qd1 Kg8 36. Qd2 Bf7 37. c3 Bg6 38. f3 f5 39. g3 b5 40. Bc2 Bh7 41. Kf2 g5 42. Bd3 Kh8 43. Qc2 f4 44. Bxh7 fxg3+ 45. Kxg3 Qxh7 46. Qxh7+ Kxh7 47. Kg4 Kg6 48. f4 Kf6 49. fxg5+ hxg5 50. Kh5 Kf5 51. Kh6 g4 52. hxg4+ Kxg4 53. Kg6 Kf4 54. Kf6 Ke4 55. Ke6 Kd3 56. Kd6 Kc2 57. Kxc6 Kxb2 58. Kxb5 Kxc3 1-0

[Event "Sao Bento do Sul U2050 2nd"]
[Site "Sao Bento do Sul"]
[Date "2016.09.16"]
[Round "1.2"]
[White "Colaco, Willian Wagner Soar"]
[Black "Quevedo Naissinger, Willian"]
[Result "0-1"]
[WhiteElo "1608"]
[BlackElo "2028"]
[PlyCount "98"]
[EventDate "2016.09.16"]
[EventType "swiss"]
[EventRounds "7"]
[EventCountry "BRA"]
[SourceTitle "EXT 2022"]
[Source "ChessBase"]
[SourceDate "2021.10.06"]
[SourceVersion "1"]
[SourceVersionDate "2021.10.06"]
[SourceQuality "1"]

1. d4 Nf6 2. Nf3 g6 3. Bg5 d5 4. e3 Bg7 5. Nbd2 0-0 6. Bd3 c5 7. c3 Qb6 8. b3 Nc6 9. 0-0 Qa5 10. Qc2 Bg4 11. h3 Bxf3 12. Nxf3 Rac8 13. Qb2 Ne4 14. Rac1 Nxg5 15. Nxg5 e5 16. dxe5 Nxe5 17. Be2 Rcd8 18. Qc2 Nc6 19. Nf3 Rfe8 20. Rfd1 Qb6 21. a3 d4 22. cxd4 cxd4 23. exd4 Bxd4 24. Bc4 Bf6 25. Rxd8 Rxd8 26. Rd1 a6 27. Rxd8+ Nxd8 28. Qe4 Qc7 29. a4 Kg7 30. Nh2 h5 31. Nf1 Qe7 32. Qd3 Nc6 33. Ne3 Ne5 34. Qe4 Nxc4 35. Qxc4 Be5 36. Nd5 Qd6 37. f4 Bb2 38. g3 Qe6 39. Kg2 Qe1 40. Qd3 Qa1 41. f5 Bd4 42. Ne3 Ba7 43. fxg6 fxg6 44. Qd7+ Kh6 45. Qe6 Qb2+ 46. Kf3 Qc3 47. g4 Bd4 48. Ke2 Qc5 49. Kf3 a5 0-1

[Event "Florianopolis op 2nd"]
[Site "Florianopolis"]
[Date "2016.01.19"]
[Round "5"]
[White "Quevedo Naissinger, Willian"]
[Black "De Pieri, Herik Soares"]
[Result "1-0"]
[WhiteElo "1974"]
[BlackElo "1703"]
[PlyCount "61"]
[EventDate "2016.01.16"]
[EventType "swiss"]
[EventRounds "10"]
[EventCountry "BRA"]
[SourceTitle "CBM 170 Extra"]
[Source "ChessBase"]
[SourceDate "2016.02.25"]
[SourceVersion "1"]
[SourceVersionDate "2016.02.25"]
[SourceQuality "1"]

1. Nf3 Nf6 2. c4 g6 3. Nc3 Bg7 4. d4 d5 5. g3 0-0 6. Bg2 dxc4 7. Qa4 Nc6 8. Qxc4 Be6 9. Qa4 Nd5 10. e4 Nb6 11. Qd1 Nxd4 12. 0-0 c6 13. Bf4 Nc4 14. Nxd4 Bxd4 15. Qc2 Qa5 16. Rac1 Rfd8 17. Kh1 Qb4 18. Ne2 Bxb2 19. Rb1 Qa3 20. Bg5 f6 21. Nf4 Rd2 22. Qb3 Bf7 23. Qxb7 Rad8 24. Bh6 Na5 25. Qxa7 Bxa2 26. Nd5 R2xd5 27. exd5 Bxb1 28. Rxb1 Qd3 29. Rg1 Qa3 30. dxc6 Bd4 31. c7 1-0

[Event "Florianopolis op 2nd"]
[Site "Florianopolis"]
[Date "2016.01.17"]
[Round "3"]
[White "Quevedo Naissinger, Willian"]
[Black "Di Berardino, Diego Rafael"]
[Result "0-1"]
[WhiteElo "1974"]
[BlackElo "2512"]
[PlyCount "54"]
[EventDate "2016.01.16"]
[EventType "swiss"]
[EventRounds "10"]
[EventCountry "BRA"]
[SourceTitle "CBM 170 Extra"]
[Source "ChessBase"]
[SourceDate "2016.02.25"]
[SourceVersion "1"]
[SourceVersionDate "2016.02.25"]
[SourceQuality "1"]

1. e4 c5 2. Nf3 e6 3. d4 cxd4 4. Nxd4 Nc6 5. Be3 Nf6 6. Nd2 d5 7. Bb5 Bd7 8. c3 dxe4 9. Qa4 Qc7 10. Bg5 Be7 11. Bxf6 gxf6 12. Nxe4 f5 13. Ng3 a6 14. 0-0 h5 15. Rfe1 h4 16. Nf1 Rg8 17. Rad1 Rb8 18. Be2 Nxd4 19. Qxd4 Bc6 20. g3 hxg3 21. hxg3 f4 22. Bh5 Rd8 23. Qc4 Rxd1 24. Rxd1 fxg3 25. f3 Qe5 26. Bg4 Qc5+ 27. Qxc5 Bxc5+ 0-1

[Event "BRA-ch Universities"]
[Site "Aracaju"]
[Date "2014.10.31"]
[Round "2"]
[White "Rocha, Vitor Firmo de Souz"]
[Black "Quevedo Naissinger, Willian"]
[Result "1/2-1/2"]
[WhiteElo "2041"]
[BlackElo "1961"]
[PlyCount "78"]
[EventDate "2014.10.30"]
[EventType "swiss"]
[EventRounds "7"]
[EventCountry "BRA"]
[SourceTitle "EXT 2018"]
[Source "ChessBase"]
[SourceDate "2017.10.13"]
[SourceVersion "1"]
[SourceVersionDate "2017.10.13"]
[SourceQuality "1"]

1. e4 c5 2. Nf3 d6 3. Bb5+ Nc6 4. 0-0 Bd7 5. Re1 Nf6 6. c3 a6 7. Bf1 Bg4 8. h3 Bxf3 9. Qxf3 g6 10. d3 Bg7 11. Be3 Nd7 12. Qe2 0-0 13. Nd2 b5 14. g3 b4 15. Rec1 Rb8 16. Nc4 Nb6 17. Nxb6 Qxb6 18. Rc2 a5 19. Rd1 a4 20. Qd2 a3 21. d4 axb2 22. Rxb2 Qa5 23. cxb4 Nxb4 24. Rdb1 Qa7 25. dxc5 Bxb2 26. cxd6 Qd7 27. dxe7 Qxe7 28. Rxb2 Rfd8 29. Qc3 Qxe4 30. Bg2 Qd3 31. Qf6 Qa6 32. Qc3 Qd3 33. Qf6 Qf5 34. Qxf5 gxf5 35. Bf4 Rb6 36. Be3 Rd1+ 37. Kh2 Rb8 38. Bf4 Rb6 39. Be3 Rb8 1/2-1/2

[Event "Goiania-ch U26"]
[Site "Goiania"]
[Date "2013.10.27"]
[Round "7"]
[White "Quevedo Naissinger, Willian"]
[Black "Souza, Rafael Cabral de"]
[Result "1-0"]
[WhiteElo "1949"]
[BlackElo "2102"]
[PlyCount "127"]
[EventDate "2013.10.24"]
[EventType "swiss"]
[EventRounds "7"]
[EventCountry "BRA"]
[SourceTitle "EXT 2014"]
[Source "ChessBase"]
[SourceDate "2013.11.20"]
[SourceVersion "1"]
[SourceVersionDate "2013.11.20"]
[SourceQuality "1"]

1. e4 c5 2. Nf3 Nc6 3. d4 cxd4 4. Nxd4 g6 5. Nc3 Bg7 6. Be3 Nf6 7. Nxc6 bxc6 8. e5 Ng8 9. Bd4 Nh6 10. e6 0-0 11. Bxg7 Kxg7 12. Qd4+ Kg8 13. exd7 Qxd7 14. Qxd7 Bxd7 15. 0-0-0 Be6 16. Be2 Rac8 17. Bf3 Nf5 18. Bg4 Rc7 19. Bxf5 Bxf5 20. Rhe1 f6 21. Na4 c5 22. Re3 Rfc8 23. c4 Kf7 24. Nc3 Rb7 25. Nd5 e5 26. Nc3 Rd7 27. Rxd7+ Bxd7 28. Ne4 Ke7 29. Ra3 f5 30. Nc3 Ra8 31. Nd5+ Kd6 32. Nb6 Rd8 33. Rxa7 Bc6 34. Rxh7 Bxg2 35. Rg7 Bc6 36. Rxg6+ Kc7 37. Nd5+ Bxd5 38. cxd5 Rxd5 39. Kc2 Rd4 40. Re6 Rf4 41. Kd3 Rxf2 42. Rxe5 Rxb2 43. Rxc5+ Kb7 44. Rc2 Rb1 45. Rf2 Rh1 46. Ke3 f4+ 47. Kxf4 Rc1 48. h4 Rc8 49. Rb2+ Ka7 50. Rb4 Rf8+ 51. Kg3 Rf5 52. Kg4 Ra5 53. a4 Rc5 54. h5 Rc6 55. Rf4 Kb7 56. Kg5 Rc8 57. h6 Rg8+ 58. Kh5 Rh8 59. Rf7+ Kc6 60. h7 Ra8 61. Kg6 Kd6 62. Kg7 Ke6 63. Rf8 Ra7+ 64. Kh6 1-0

[Event "Foz do Iguacu op 3rd"]
[Site "Foz do Iguacu"]
[Date "2013.06.01"]
[Round "4"]
[White "Tacconi da Silva, Lucas"]
[Black "Quevedo Naissinger, Willian"]
[Result "1-0"]
[WhiteElo "2041"]
[BlackElo "1978"]
[PlyCount "89"]
[EventDate "2013.05.31"]
[EventType "swiss"]
[EventRounds "6"]
[EventCountry "BRA"]
[SourceTitle "CBM 154 Extra"]
[Source "ChessBase"]
[SourceDate "2013.06.25"]
[SourceVersion "2"]
[SourceVersionDate "2013.06.25"]
[SourceQuality "1"]

1. c4 Nf6 2. Nc3 d5 3. cxd5 Nxd5 4. g3 g6 5. Bg2 Nxc3 6. bxc3 Bg7 7. Rb1 c6 8. c4 0-0 9. Nf3 Qa5 10. Qc2 Na6 11. a3 Nc5 12. 0-0 Bf5 13. d3 Qc7 14. Be3 Nd7 15. Nd4 Nf6 16. Nxf5 gxf5 17. d4 Qd7 18. h3 Nh5 19. Qd3 b6 20. Rfd1 Rad8 21. Bh6 Qd6 22. Bxg7 Nxg7 23. Qb3 Ne6 24. e3 c5 25. Qa4 cxd4 26. Qxa7 Rb8 27. Rb5 Nc7 28. Rxf5 d3 29. c5 bxc5 30. Qxc5 Rfd8 31. Rg5+ Kh8 32. Qf5 Rb5 33. Qg4 Rxg5 34. Qxg5 Ne6 35. Qh5 Qxa3 36. Be4 Nf8 37. Qxf7 Ng6 38. Bxg6 hxg6 39. Qxg6 Qb3 40. Qh5+ Kg8 41. Qg4+ Kf8 42. h4 d2 43. h5 Qc2 44. h6 Rc8 45. h7 1-0

[Event "BRA-ch U18"]
[Site "Foz do Iguacu"]
[Date "2011.06.12"]
[Round "5.7"]
[White "Japiassu, Ricardo de Villa No"]
[Black "Quevedo Naissinger, Willian"]
[Result "1/2-1/2"]
[WhiteElo "1847"]
[BlackElo "1942"]
[PlyCount "24"]
[EventDate "2011.06.10"]
[EventType "swiss"]
[EventRounds "6"]
[EventCountry "BRA"]
[SourceTitle "EXT 2022"]
[Source "ChessBase"]
[SourceDate "2021.10.06"]
[SourceVersion "1"]
[SourceVersionDate "2021.10.06"]
[SourceQuality "1"]

1. d4 Nf6 2. Bg5 d5 3. Bxf6 exf6 4. e3 Bf5 5. Bd3 Qd7 6. Ne2 Bd6 7. c4 Bxd3 8. Qxd3 dxc4 9. Qxc4 0-0 10. Nbc3 c6 11. 0-0 Qc7 12. Ng3 Nd7 1/2-1/2